Broadway Show by Character Quiz Stats

 Plays Quiz Updated Nov 12, 2018

Support Sporcle.
Go Orange.
Score 0/20 Timer 06:00
1 Play Today
Characters Show % Correct
Elphaba, Glinda, NessaroseWicked
86.4%
Sandy, Danny, BettyGrease
85.5%
Roxie, Velma, BillyChicago
78.7%
Jean Valjean, Marius, FantineLes Misérables
78.6%
King Arthur, Sir Robin, Knights of NiSpamalot
74.2%
Mark, Roger, AngelRent
63.2%
Seymour, Audrey II, OrinLittle Shop of Horrors
62.6%
Tevye, Golde, MotelFiddler on the Roof
60.4%
Christine, Raoul, CarlottaThe Phantom of the Opera
58.8%
Mrs. Lovett, Anthony, TobiasSweeney Todd: The Demon Barber of Fleet Street
47.4%
Characters Show % Correct
Frankie, Tommy, NickJersey Boys
42.4%
Wendla, Melchior, MoritzSpring Awakening
38.7%
Joe, Lola, Mr. ApplegateDamn Yankees
35.4%
Albert, Rosie, KimBye Bye Birdie
33.9%
Usnavi, Nina, AbuelaIn the Heights
31.4%
Harold, Marian, MarcellusThe Music Man
31.4%
Cornelius, Horace, BarnabyHello, Dolly!
25.4%
Bobby, Hope, Mr. CladwellUrinetown
16.2%
John, Benjamin, Thomas1776
16%
Fred, Lilli, BillKiss Me, Kate
8.9%

From the Vault

Countries with 'UA'

by timmylemoine1

I know where I am, but where are u at?
Remove Ads.
Support Sporcle.
Get the best of Sporcle when you Go Orange. This ad-free experience offers more features, more stats, and more fun while also helping to support Sporcle. Thank you for becoming a member.

Show Comments

Extras

Top Quizzes Today


Score Distribution

Your Account Isn't Verified!

In order to create a playlist on Sporcle, you need to verify the email address you used during registration. Go to your Sporcle Settings to finish the process.

Report this User

Report this user for behavior that violates our Community Guidelines.

Details: